Normal view MARC view
  • Royal Institution of Chartered Surveyors

Entry Corporate Name

Number of records used in: 1

001 - CONTROL NUMBER

  • control field: 5040

003 - CONTROL NUMBER IDENTIFIER

  • control field: SIRSI

005 - DATE AND TIME OF LATEST TRANSACTION

  • control field: 20190806150239.0

008 - FIXED-LENGTH DATA ELEMENTS

  • fixed length control field: 060913n| aaannaabn |n ana d

040 ## - CATALOGING SOURCE

  • Original cataloging agency: OSt
  • Transcribing agency: OSt

110 1# - HEADING--CORPORATE NAME

  • Corporate name or jurisdiction name as entry element: Royal Institution of Chartered Surveyors
  • Subordinate unit: Property Management Group

670 ## - SOURCE DATA FOUND

  • Source citation: Limiting liability in commercial property management contracts, 2006